000 00712nam a2200169 a 4500
001 000034835
005 20240306073910.0
008 111020s1955 ve 000 0 spa d
040 _aDO-SdBNP
_bspa
_cBNPHU
082 _axxx
_bM378s
100 1 _aMartí, José,
_d1853-1895
_9645
245 1 0 _aSección constante :
_bHistoria, letras, biografía, curiosidades y ciencia /
_cJosé Martí ; compilación y prólogo Pedro Grases.
260 _aCaracas :
_b[s.n.],
_c1955.
300 _a208 p. ;
_c22 cm.
500 _aArtículos aparecidos en La Opinión nacional de Caracas desde el 4 de noviembre de 1881 al 15 de junio de 1882 compilacion y prólogo de Pedro Grases
700 1 _aGrases, Pedro,
_ecomp.
_epról.
_910355
999 _c34326
_d34326